Real Madrid Squad 22/23 - Statistics

General Stats
  • This quiz has been taken 324 times
  • The average score is 19 of 24
Answer Stats
Position/Number Answer % Correct
GK 1 Courtois
96%
MID 10 Modric
92%
MID 8 Kroos
91%
FWD 9 Benzema
90%
DEF 2 Carvajal
90%
DEF 3 Militao
87%
DEF 22 Rudiger
87%
DEF 4 Alaba
86%
GK 13 Lunin
86%
FWD 21 Rodrygo
86%
Coach Ancelotti
83%
DEF 23 Mendy
83%
DEF 6 Nacho
81%
MID 15 Valverde
79%
MID 12 Camavinga
78%
FWD 11 Asensio
75%
FWD 7 Hazard
70%
MID 18 Tchouameni
66%
FWD 20 Vinicius Jr
66%
MID 17 Vazquez
65%
MID 19 Ceballos
64%
DEF 5 Vallejo
63%
FWD 24 Mariano
55%
DEF 16 Odriozola
40%
No matching quizzes found
Score Distribution
Percent of People with Each Score
Percentile by Number Answered
Your Score History
You have not taken this quiz